Contemporary approaches : christian education /
Furkejuvvon:
| Váldodahkki: | |
|---|---|
| Eará dahkkit: | |
| Materiálatiipa: | Girji |
| Giella: | eaŋgalasgiella |
| Almmustuhtton: |
Nashville :
Abingdon,
c1982.
|
| Fáttát: | |
| Fáddágilkorat: |
Eai fáddágilkorat, Lasit vuosttaš fáddágilkora!
|
MARC
| LEADER | 00000cam a22000002a 4500 | ||
|---|---|---|---|
| 001 | 0000034954 | ||
| 003 | DAYSTAR | ||
| 005 | 20180612020003.0 | ||
| 008 | 060918s1984 xx 001 0 eng d | ||
| 020 | |a 0687094933 | ||
| 040 | |a Daystar |d COnyango | ||
| 050 | 0 | 0 | |a BV1464 |b .S4 |
| 100 | 1 | |a Seymour, Jack L. | |
| 245 | 1 | 0 | |a Contemporary approaches : |b christian education / |c Jack L. Seymour. |
| 260 | |a Nashville : |b Abingdon, |c c1982. | ||
| 300 | |a 172 p. | ||
| 504 | |a Includes bibliography. | ||
| 650 | 0 | |a Christian education. | |
| 650 | 0 | |a Church and education. | |
| 700 | 1 | |a Miller. | |
| 908 | |a 060918 | ||
| 942 | |c G |0 2 | ||
| 952 | |0 0 |1 0 |4 0 |6 BV_1464_000000000000000_S4 |7 0 |9 34036 |a DUN |b DUN |c GC |d 2017-09-28 |l 2 |o BV1464.S4 |p BK029829 |r 2018-07-07 00:00:00 |s 2018-06-11 |t c.1 |w 2017-09-28 |x 13302 |y G | ||
| 952 | |0 0 |1 0 |4 0 |6 BV_1464_000000000000000_S4 |7 0 |9 34037 |a DUN |b DUN |c GC |d 2017-09-28 |l 0 |o BV1464.S4 |p BK029830 |r 2017-09-28 00:00:00 |t c.4 |w 2017-09-28 |x 64077 |y G | ||
| 999 | |c 21649 |d 21649 | ||